| 000 | 00637nmm a2200181Ia 4500 | ||
|---|---|---|---|
| 008 | 251105s9999||||xx |||||||||||||||||und|| | ||
| 020 | _a9789560105301 | ||
| 041 | _aspa | ||
| 100 | _aVallejos Gómez, Rosse Marie Alejandra | ||
| 245 | 0 | _aPensar, dialogar y reflexionar juntos desde la Filosofía: desafíos pendientes en la Escuela | |
| 264 |
_a[Santiago de Chile, Chile] : _bRil editores, _c2018 |
||
| 300 | _a244 páginas | ||
| 650 | _aPhilosophy, Ethics | ||
| 700 | _aVallejos Gómez, Rosse Marie Alejandra | ||
| 700 | 1 | _a Nail Kröyer, Óscar (eds.) | |
| 856 | _uhttps://public.digitaliapublishing.com/a/65345 | ||
| 942 | _cCF | ||
| 999 |
_c72223 _d72223 |
||